| 000 | 00515nam a2200193 i 4500 | ||
|---|---|---|---|
| 001 | bg | ||
| 100 | 1 | _aGŁUSZCZYŃSKI, Edward | |
| 245 | 0 |
_aTechnologia budowy maszyn / _cEdward Głuszczyński. |
|
| 260 |
_aLublin : _bPolit. Lubelska, _c1980. |
||
| 300 |
_as. 345 : _brys., tab., tabl. [w tym] nlb. 4. |
||
| 490 | 1 | _aMechanika | |
| 504 | _a[Zawiera bibliogr. s. 345]. | ||
| 830 | _aMechanika | ||
| 040 | _cBPK | ||
| 041 | _apol | ||
| 080 | _a621 | ||
| 942 | _cKS | ||
| 008 | s pl f |000 0 pol | ||
| 999 |
_c20390 _d20390 |
||
| 856 |
_uhttp://koha.tu.koszalin.pl/cgi-bin/koha/opac-detail.pl?biblionumber=20390 _yKatalog online BPK |
||